| 000 | 00596nam a2200205Ia 4500 | ||
|---|---|---|---|
| 003 | GCL | ||
| 008 | 140319s9999 xx 000 0 ara d | ||
| 040 |
_aGCL / _cGCL |
||
| 082 | 0 | 4 |
_a850.93 _bف س |
| 100 | 1 | _aفوكز، وليم | |
| 245 | 1 | 0 |
_aسارتوس / _cفوكز، وليم |
| 700 | 1 | _aميخائيل رومان (مترجم) | |
| 700 | 1 | _aمصطفى بدوى | |
| 300 | _a430 | ||
| 490 |
_aالالف كتاب _v0 |
||
| 650 | 0 | 4 | _aالادب الايطالى المترجم |
| 650 | 0 | 4 | _aالقصص الايطالية المترجمة |
| 650 | 0 | 4 | _aسارتوس |
| 942 |
_2ddc _cBK |
||
| 999 |
_c42934 _d42934 |
||